| 000 | 00605nam a2200217Ia 4500 | ||
|---|---|---|---|
| 005 | 20221216122603.0 | ||
| 008 | 140110s9999 xx 000 0 und d | ||
| 020 |
_a9780142437025 _cRs 375.00 |
||
| 040 | _aLoreto College | ||
| 041 | _aEnglish | ||
| 082 |
_a813.4 _bCHO |
||
| 100 | _aChopin,Kate | ||
| 245 |
_aAt fault _cKate Chopin. Edited with an introduction and notes by Bernard Koloski |
||
| 260 |
_aNew York _bPenguin Books _c2002 |
||
| 300 | _axxvii,177p | ||
| 650 | _aAmerican Literature | ||
| 651 | _aAmerican Fiction | ||
| 700 | _aKoloski,Bernard,ed. | ||
| 850 | _aLCLLB | ||
| 942 | _cBK | ||
| 999 |
_c36691 _d87170 |
||